Tsac-tsac: ejercicios y juegos para el desarrollo del lenguaje
Uloženo v:
| Hlavní autoři: | , |
|---|---|
| Médium: | Kniha |
| Jazyk: | španělština |
| Vydáno: |
Santiago
Andrés Bello
1993
|
| Témata: | |
| Tagy: |
Přidat tag
Žádné tagy, Buďte první, kdo vytvoří štítek k tomuto záznamu!
|
MARC
| LEADER | 00000nam a2200000 a 4500 | ||
|---|---|---|---|
| 001 | UCX9563 | ||
| 003 | CL-VaPUC | ||
| 008 | 940614e19930000CL |||||||||||||||||spa|d | ||
| 082 | 0 | 4 | |a 372.6045 |b BAE |2 21 |
| 100 | 0 | |a Baeza Bischoffshausen, Paz Margarita |e author |9 326987 | |
| 700 | 0 | |a Beuchat Reichardt, Cecilia |e author |9 326988 | |
| 245 | 1 | 0 | |a Tsac-tsac: ejercicios y juegos para el desarrollo del lenguaje |
| 300 | |a 159 p | ||
| 942 | |c BK | ||
| 945 | |d 19940614 00:00:00 |a rbrito | ||
| 260 | |a Santiago |b Andrés Bello |c 1993 | ||
| 650 | 7 | |a LIBROS DE LECTURA |2 CL-VaPUC |9 309008 | |
| 650 | 0 | |a Educación básica |9 224933 | |
| 583 | |a last modification |c 19940614 00:00:00 |k Rodrigo Vera | ||
| 999 | |c 228762 |d 228760 | ||
| 952 | |0 0 |1 0 |4 0 |6 372_604500000000000_BAE_1993 |7 0 |8 A |9 229167 |a BIBEDU |b BIBEDU |d 2019-11-15 |i 2978393 |o 372.6045 BAE 1993 |p 2978393 |r 2019-11-15 |w 2019-11-15 |y BK |k EPE | ||
| 952 | |0 0 |1 0 |4 0 |6 372_604500000000000_BAE_1993 |7 0 |8 A |9 229168 |a BIBEDU |b BIBEDU |d 2019-11-15 |i 3244423 |o 372.6045 BAE 1993 |p 3244423 |r 2019-11-15 |w 2019-11-15 |y BK |k EPE | ||
| 952 | |0 0 |1 0 |4 0 |6 372_604500000000000_BAE_1993 |7 0 |8 A |9 229169 |a BIBEDU |b BIBEDU |d 2019-11-15 |i 3414310 |o 372.6045 BAE 1993 |p 3414310 |r 2019-11-15 |w 2019-11-15 |y BK |k BME | ||
| 952 | |0 0 |1 0 |4 0 |6 372_604500000000000_BAE_1993 |7 0 |8 A |9 229170 |a BIBEDU |b BIBEDU |d 2019-11-15 |i 3414329 |o 372.6045 BAE 1993 |p 3414329 |r 2019-11-15 |w 2019-11-15 |y BK |k BME | ||